|
|
|
|
| LEADER |
01244nom a2200361 u 4500 |
| 001 |
10074196 |
| 003 |
upatras |
| 005 |
20210302080410.0 |
| 008 |
090513s2006 eng |
| 020 |
|
|
|a 9783540309819
|
| 040 |
|
|
|a GR-PaULI
|c GR-PaULI
|
| 041 |
0 |
|
|a eng
|
| 100 |
1 |
|
|a Mohn, Peter
|9 73758
|
| 245 |
1 |
0 |
|a Magnetism in the Solid State
|h [electronic resource]
|b An Introduction
|c by Peter Mohn
|
| 250 |
|
|
|a Corrected Second Printing
|
| 260 |
|
|
|a Berlin, Heidelberg
|b Springer-Verlag Berlin Heidelberg
|c 2006
|
| 300 |
|
|
|b v.: digital
|
| 490 |
0 |
|
|a Solid-State Sciences
|v 134
|x 0171-1873
|
| 650 |
|
4 |
|a Physics
|9 20895
|
| 650 |
|
4 |
|a Materials
|9 13218
|
| 650 |
|
4 |
|a Μαγνητισμός
|9 745
|
| 650 |
|
4 |
|a Condensed matter
|9 64428
|
| 650 |
|
4 |
|a Physics
|9 20895
|
| 650 |
|
4 |
|a Μεταλλεύματα
|9 2485
|
| 650 |
|
4 |
|a Characterization and Evaluation Materials
|9 64522
|
| 650 |
|
4 |
|a Μαγνητισμός
|9 745
|
| 650 |
|
4 |
|a Condensed Matter
|9 64429
|
| 760 |
1 |
|
|a Solid-State Sciences
|g 134
|x 0171-1873
|
| 852 |
|
|
|a GR-PaULI
|b ΠΑΤΡΑ
|b ΒΚΠ
|
| 856 |
4 |
0 |
|u http://dx.doi.org/10.1007/3-540-30981-0
|
| 942 |
|
|
|2 ddc
|
| 952 |
|
|
|0 0
|1 0
|4 0
|7 0
|9 75652
|a LISP
|b LISP
|d 2016-04-24
|l 0
|r 2016-04-24 00:00:00
|w 2016-04-24
|y ERS
|
| 999 |
|
|
|c 50441
|d 50441
|